ბათუმის შოთა რუსთაველის სახელმწიფო უნივერსიტეტის ბიბლიოთეკა

Set Theory. The Third Millennium Edition revised and expanded (ბიბ.ჩანაწერი № 35609)

000 -LEADER
fixed length control field 00506nam a2200217Ia 4500
001 - CONTROL NUMBER
control field 1475
003 - CONTROL NUMBER IDENTIFIER
control field GE_BSU
008 - FIXED-LENGTH DATA ELEMENTS--GENERAL INFORMATION
fixed length control field 181216s||||||||xx |||||||||||||| ||und||
020 ## - INTERNATIONAL STANDARD BOOK NUMBER
International Standard Book Number 3540440852
040 ## - CATALOGING SOURCE
Transcribing agency GE_BSU
080 ## - UNIVERSAL DECIMAL CLASSIFICATION NUMBER
Universal Decimal Classification number 511
100 ## - MAIN ENTRY--PERSONAL NAME
Personal name Jech, Thomas
245 ## - TITLE STATEMENT
Title Set Theory. The Third Millennium Edition revised and expanded
260 ## - PUBLICATION, DISTRIBUTION, ETC.
Place of publication, distribution, etc. New York
260 ## - PUBLICATION, DISTRIBUTION, ETC.
Date of publication, distribution, etc. 2003
300 ## - PHYSICAL DESCRIPTION
Extent 771c.
653 ## - INDEX TERM--UNCONTROLLED
Uncontrolled term Set Theory.
653 ## - INDEX TERM--UNCONTROLLED
Uncontrolled term მათემატიკა
942 ## - ADDED ENTRY ELEMENTS (KOHA)
Koha item type წიგნი
ეგზემპლარები
Withdrawn status Lost status Damaged status Not for loan Date acquired Barcode Date last seen Price effective from Koha item type Public note
        2018-12-17 2594 2018-12-17 2018-12-17 წიგნი დარბაზი
        2018-12-17 2593 2018-12-17 2018-12-17 წიგნი დარბაზი